000 00567nam a2200181 4500
008 s2012 fr fre u
020 _a9782296569645
040 _aLB-BrCRDP
082 1 _a371.2
_bAwi
100 1 _aHenri, Awit
245 1 0 _aDevenir acteurs d'un projet éducatif
_bLes enjeux d'une formation du personnel des établissements scolaires au liban
_cHenri Awit
260 _aParis
_bL'Harmattan
_c2012
300 _a455p
700 1 _aEdouard, Bruel
700 1 _aSélim, Abou
942 _cBK
999 _c9259
_d9259